| 000 | 01071nam a22002777a 4500 | ||
|---|---|---|---|
| 999 |
_c99870 _d99870 |
||
| 005 | 20230301122427.0 | ||
| 010 | _a 1617EN ENG-115087 ENG-136266 | ||
| 020 |
_a9339221842 _c595.00 |
||
| 035 | _aB-653963-973 | ||
| 035 | _aEN-98619 | ||
| 035 | _aEN-119798 | ||
| 035 | _aB-665155 | ||
| 037 | _bABC | ||
| 037 | _bDBAD/PUB | ||
| 082 | _a339 | ||
| 100 | _aDwivedi,D.N. | ||
| 245 |
_aMacroeconomics : _btheory and policy / _cby D.N. Dwivedi |
||
| 250 | _a4th ed | ||
| 260 |
_aNew Delhi _bMcGraw Hill Education _c2015 |
||
| 270 |
_aP-24,Green Park Extension _bNew Delhi _e110016 |
||
| 300 |
_axix,724p. : _bill. _c24cm(pbk) |
||
| 500 | _aIncludes index | ||
| 942 |
_2ddc _cEN _h339 _mDWI |
||